<?xml version="1.0" encoding="UTF-8"?><record xmlns="http://www.loc.gov/MARC21/slim" xmlns:zs="http://docs.oasis-open.org/ns/search-ws/sruResponse">
  <leader>02114cas a2200505u| 4500</leader>
  <controlfield tag="001">5862895</controlfield>
  <controlfield tag="005">20250607225431.3</controlfield>
  <controlfield tag="008">840426m18771930nhu||||||||||||   ||eng| </controlfield>
  <datafield ind1=" " ind2=" " tag="035">
    <subfield code="a">5862895</subfield>
  </datafield>
  <datafield ind1=" " ind2=" " tag="906">
    <subfield code="a">0</subfield>
    <subfield code="b">cbc</subfield>
    <subfield code="c">serprem</subfield>
    <subfield code="d">u</subfield>
    <subfield code="e">ncip</subfield>
    <subfield code="f">19</subfield>
    <subfield code="g">y-gencatlg</subfield>
  </datafield>
  <datafield ind1=" " ind2=" " tag="955">
    <subfield code="u">he04 2020-07-28 TW situational</subfield>
  </datafield>
  <datafield ind1=" " ind2=" " tag="955">
    <subfield code="a">LCAP batch update 2025-06-02-04:00: LCAPM-644</subfield>
  </datafield>
  <datafield ind1=" " ind2=" " tag="010">
    <subfield code="a">   05018238 </subfield>
  </datafield>
  <datafield ind1=" " ind2=" " tag="035">
    <subfield code="9">(DLC)   05018238</subfield>
  </datafield>
  <datafield ind1=" " ind2=" " tag="040">
    <subfield code="a">DLC</subfield>
    <subfield code="c">CarP</subfield>
    <subfield code="d">DLC</subfield>
  </datafield>
  <datafield ind1=" " ind2=" " tag="043">
    <subfield code="a">n-us-nh</subfield>
  </datafield>
  <datafield ind1="0" ind2="0" tag="050">
    <subfield code="a">F31</subfield>
    <subfield code="b">.G75</subfield>
  </datafield>
  <datafield ind1="0" ind2="4" tag="245">
    <subfield code="a">The Granite monthly:</subfield>
    <subfield code="b">a New Hampshire magazine devoted to history, biography, literature, and state progress.</subfield>
  </datafield>
  <datafield ind1="3" ind2=" " tag="249">
    <subfield code="i">SERLOC variant entry</subfield>
    <subfield code="a">Granite monthly; New Hampshire state magazine, Jan. 1919-Dec. 1922</subfield>
  </datafield>
  <datafield ind1="3" ind2=" " tag="249">
    <subfield code="i">SERLOC variant entry</subfield>
    <subfield code="a">New Hampshire state magazine, the Granite monthly, 1928</subfield>
  </datafield>
  <datafield ind1="3" ind2=" " tag="249">
    <subfield code="i">SERLOC variant entry</subfield>
    <subfield code="a">New Hampshire; the Granite state monthly, 1929-1930</subfield>
  </datafield>
  <datafield ind1=" " ind2=" " tag="260">
    <subfield code="a">Concord, N.H.,</subfield>
    <subfield code="b">H. H. Metcalf; [etc., etc.]</subfield>
    <subfield code="c">1877-1930.</subfield>
  </datafield>
  <datafield ind1=" " ind2=" " tag="300">
    <subfield code="a">v. in</subfield>
    <subfield code="b">illus., plates, ports., maps.</subfield>
    <subfield code="c">23-30 cm.</subfield>
  </datafield>
  <datafield ind1=" " ind2=" " tag="310">
    <subfield code="a">Monthly</subfield>
  </datafield>
  <datafield ind1=" " ind2=" " tag="336">
    <subfield code="a">text</subfield>
    <subfield code="b">txt</subfield>
    <subfield code="2">rdacontent</subfield>
  </datafield>
  <datafield ind1=" " ind2=" " tag="337">
    <subfield code="a">unmediated</subfield>
    <subfield code="b">n</subfield>
    <subfield code="2">rdamedia</subfield>
  </datafield>
  <datafield ind1=" " ind2=" " tag="338">
    <subfield code="a">volume</subfield>
    <subfield code="b">nc</subfield>
    <subfield code="2">rdacarrier</subfield>
  </datafield>
  <datafield ind1=" " ind2=" " tag="500">
    <subfield code="a">Serial.</subfield>
  </datafield>
  <datafield ind1=" " ind2=" " tag="530">
    <subfield code="a">Also available in digital form.</subfield>
  </datafield>
  <datafield ind1=" " ind2=" " tag="590">
    <subfield code="a">PREMARC/SERLOC merged record</subfield>
  </datafield>
  <datafield ind1=" " ind2="0" tag="651">
    <subfield code="a">New Hampshire</subfield>
    <subfield code="x">History</subfield>
    <subfield code="v">Periodicals.</subfield>
  </datafield>
  <datafield ind1="1" ind2=" " tag="700">
    <subfield code="a">Metcalf, Henry Harrison,</subfield>
    <subfield code="d">1841-1932,</subfield>
    <subfield code="e">ed.</subfield>
  </datafield>
  <datafield ind1="1" ind2=" " tag="700">
    <subfield code="a">McClintock, John N.</subfield>
    <subfield code="q">(John Norris),</subfield>
    <subfield code="d">1846-1914,</subfield>
    <subfield code="e">ed.</subfield>
  </datafield>
  <datafield ind1="1" ind2=" " tag="700">
    <subfield code="a">Hammond, Otis Grant,</subfield>
    <subfield code="d">1869-1944,</subfield>
    <subfield code="e">comp.</subfield>
  </datafield>
  <datafield ind1="2" ind2=" " tag="710">
    <subfield code="a">Alfred Whital Stern Collection of Lincolniana (Library of Congress)</subfield>
    <subfield code="5">DLC</subfield>
  </datafield>
  <datafield ind1="4" ind2="1" tag="856">
    <subfield code="u">https://hdl.loc.gov/loc.gdc/05018238</subfield>
  </datafield>
  <datafield ind1=" " ind2=" " tag="890">
    <subfield code="a">Granite monthly; a New Hampshire magazine devoted to history, biography, literature, and state progress.</subfield>
    <subfield code="i">05-18238</subfield>
  </datafield>
  <datafield ind1=" " ind2=" " tag="920">
    <subfield code="a">Keep 2</subfield>
  </datafield>
  <datafield ind1=" " ind2=" " tag="952">
    <subfield code="a">LAC ael 2019-05-28 update (3 cards)</subfield>
  </datafield>
  <datafield ind1=" " ind2=" " tag="984">
    <subfield code="a">rsl</subfield>
    <subfield code="d">2019-05-28</subfield>
  </datafield>
  <datafield ind1=" " ind2=" " tag="985">
    <subfield code="a">rblacfederal</subfield>
    <subfield code="d">20190528</subfield>
  </datafield>
  <datafield ind1=" " ind2=" " tag="985">
    <subfield code="a">digrepo/gdc</subfield>
  </datafield>
  <datafield ind1=" " ind2=" " tag="987">
    <subfield code="b">RBSCDRECON</subfield>
    <subfield code="c">20190528</subfield>
    <subfield code="d">r</subfield>
    <subfield code="f">CALL NUMBER DISCREPANCY; SERIAL</subfield>
  </datafield>
  <datafield ind1=" " ind2=" " tag="991">
    <subfield code="b">c-GenColl</subfield>
    <subfield code="h">F31</subfield>
    <subfield code="i">.G75</subfield>
    <subfield code="t">Copy 1</subfield>
    <subfield code="w">PREM</subfield>
  </datafield>
  <datafield ind1=" " ind2=" " tag="992">
    <subfield code="b">Unk</subfield>
    <subfield code="h">F31.G75</subfield>
    <subfield code="w">SERLOC</subfield>
  </datafield>
</record>
